000 00477nam a2200193Ia 4500
003 GCL
008 140319s9999 xx 000 0 eng d
040 _aGCL /
_cGCL
082 0 4 _a808.80382
_bH C
100 1 _aHUSSEIN, KAMEL
245 1 0 _aLA CITE INIQUE /
_cHUSSEIN, KAMEL
700 1 _aARNALDEZ, ROGER
260 _a[S.N] :
_bSINDBAD ،
_c1973
300 _a155
650 0 4 _aLITERATURE
650 0 4 _aCHRISTIANITY
650 0 4 _aCHRISTIAN LITERATURE
942 _2ddc
_cBK
999 _c25466
_d25466